El hombre y la empresa / (Registro nro. 189831)

Detalles MARC
000 -LEADER
campo de control de longitud fija 00751nam a2200229 i 4500
001 - NÚMERO DE CONTROL
campo de control 189831
003 - IDENTIFICADOR DE NÚMERO DE CONTROL
campo de control ES-MaACL
005 - FECHA Y HORA DE LA ÚLTIMA TRANSACCIÓN
campo de control 20250902025140.0
008 - DATOS DE LONGITUD FIJA--INFORMACIÓN GENERAL
campo de control de longitud fija 191203s1968 sp |||| | spa d
080 ## - NÚMERO DE LA CLASIFICACIÓN DECIMAL UNIVERSAL
Número de la Clasificación Decimal Universal 159.9:331
100 1# - ENTRADA PRINCIPAL--NOMBRE DE PERSONA
Nombre de persona Gros, André.
9 (RLIN) 60150
245 13 - MENCIÓN DEL TÍTULO
Título El hombre y la empresa /
Mención de responsabilidad, etc. André Gros ; traducido por Carlos de La-Herrán Matorras.
250 ## - MENCION DE EDICION
Mención de edición 3ª ed.
260 ## - PUBLICACIÓN, DISTRIBUCIÓN, ETC.
Lugar de publicación, distribución, etc. Bilbao :
Nombre del editor, distribuidor, etc. Deusto,
Fecha de publicación, distribución, etc. [1968]
300 ## - DESCRIPCIÓN FÍSICA
Extensión 227 p. ;
Dimensiones 22 cm.
490 1# - MENCIÓN DE SERIE
Mención de serie Enciclopedia de la empresa moderna ;
Designación de volumen o secuencia 5
650 #7 - PUNTO DE ACCESO ADICIONAL DE MATERIA--TÉRMINO DE MATERIA
Término de materia o nombre geográfico como elemento de entrada Psicología industrial
Fuente del encabezamiento o término embne
9 (RLIN) 148242
700 1# - ENTRADA AGREGADA--NOMBRE PERSONAL
Nombre de persona La-Herrán Matorras, Carlos de.
9 (RLIN) 168970
830 10 - PUNTO DE ACCESO ADICIONAL DE SERIE-TÍTULO UNIFORME
Título uniforme Enciclopedia de la empresa moderna
Designación de volumen o secuencia 5
9 (RLIN) 193420
852 4# - LOCALIZACIÓN
Ubicación ES-MaACL
Número de control de estantería P-1093-5
Existencias
Estatus retirado Estado de pérdida Estado de daño No para préstamo Biblioteca de origen Biblioteca actual Ubicación en estantería Fecha de adquisición Fuente de adquisición Total de préstamos Signatura topográfica completa Código de barras Visto por última vez Precio de reemplazo Tipo de ítem Koha
        Biblioteca del Ateneo de Madrid Biblioteca del Ateneo de Madrid Depósito 2 03/12/2019     P-1093-5 1201344 23/02/2023 23/02/2023 Libro impreso